Repasses públicos ao terceiro setor : (Record no. 1082)

MARC details
000 -LÍDER
Campo Fixo de Controle 00765nam a2200241 a 4500
001 - NÚMERO DE CONTROLE
Campo de Controle 1082
003 - IDENTIFICAÇÃO DO NÚMERO DE CONTROLE
Campo de Controle BR-CuiBMT
005 - DATA E HORA DA ÚLTIMA ATUALIZAÇÃO
Campo de Controle 20231128162517.0
008 - DADOS FIXOS
Dados Fixos 231128s2016 spba 000 0 por d
040 ## - AGÊNCIA CATALOGADORA
Código da Agência Catalogadora BR-CuiBMT
Agência que transcreveu o registro BR-CuiBMT
080 ## - Nº DA CLASSIFICAÇÃO DECIMAL UNIVERSAL
Nº Class. CDU 658.114.8:061.2
Nº edição CDU 2007
090 ## - NÚMERO DE CHAMADA
Nº classificação 658.114.8:061.2
Cutter S239r
110 ## - ENTRADA PRINCIPAL -- ENTIDADE
Nome da entidade ou lugar São Paulo.
Unidade subordinada Tribunal de contas.
245 ## - TÍTULO PRINCIPAL
Título principal Repasses públicos ao terceiro setor :
Subtítulo manual básico /
Indicação de responsabilidade Tribunal de contas do Estado de São Paulo.
260 ## - PUBLICAÇÃO, DISTRIBUIÇÃO, ETC.
Local de publicação 180 p. :
Editora TCESP,
Data 2016.
300 ## - DESCRIÇÃO FÍSICA
N. páginas ou volumes 180 p. ;
Ilustrações il.
Dimensões 23 cm
504 ## - NOTA DE BIBLIOGRAFIA, ETC.
Nota de bibliografia inclui bibliografia.
650 ## - ASSUNTO TÓPICO
Cabeçalho tópico ou nome geográfico Terceiro setor
Subdivisão de forma Manual
650 ## - ASSUNTO TÓPICO
Cabeçalho tópico ou nome geográfico Fundações sem fins lucrativos
650 ## - ASSUNTO TÓPICO
Cabeçalho tópico ou nome geográfico Entidades do terceiro setor
650 ## - ASSUNTO TÓPICO
Cabeçalho tópico ou nome geográfico Entidades filantrópicas
942 ## - ELEMENTOS DE ENTRADA ADICIONAIS (KOHA)
Fonte de classificação ou esquema de arquivamento Classificação Decimal Universal
Tipo de item do Koha Livros
Holdings
Estado: removido Estado: perdido Fonte de classificação ou esquema de arquivamento Estado: danificado Indisponível para empréstimo Localização permanente Localização atual Data de aquisição Total Checkouts Número de Chamada completo Código de barras Date last seen Número do exemplar Preço efetivo a partir de Tipo de item (Koha)
    Classificação Decimal Universal     Biblioteca da Escola Superior de Contas do TCE/MT Biblioteca da Escola Superior de Contas do TCE/MT 05/06/2018   658.114.8:061.2(035) S239r BIBTCEMT23111232 28/11/2023 Ex. 1 28/11/2023 Livros

Powered by Koha